000 00559nam a22001575i 4500
001 158189
003 ES-MaACL
005 20230906211040.0
008 040824s1875 fr |||| | fre d
040 _aCAM
_bspa
_cCAM
100 1 _aLubomirski, Josef.
_9129116
245 1 3 _aUn drama sous Catherine II /
_cPrince Jos. Lubomirski.
260 _aParis :
_bDidier et c\pie\s libraires-éditeurs,
_c1875 (
_eAbbeville :
_fImp. Briez, C. Paillart et Retaux)
300 _a313 p. ;
_c18 cm.
852 _aES-MaACL
_jD-2680
_z-- Enc. hol.
_z-- Legado M. de la Fuente
999 _c158189
_d158189